000 00493nam a2200169Ia 4500
008 180207s9999 xx 000 0 und d
020 _a9789715162326
050 _bD559 2006
100 _aDiego, Celine.
245 4 _aThe magic box /
245 _cCeline Diego ; illustrated by Larry A. Diolola ; colors by Llyod Guiller D. Ybera.
260 _aPhilippines :
260 _bMerryland Publishing Corporation.
260 _c2006
300 _aunpaged :
300 _bcolor illustrations ;
999 _c355878
_d355878